[Event "Bionext Festival 2019"]
[Site "Chihuahua"]
[Date "2019.11.30"]
[Round "2.5"]
[White "Della Morte, Pablo"]
[Black "Ibarra Elizarraras, Juan Jose"]
[Result "1-0"]
[WhiteElo "2309"]
[BlackElo "1889"]
[Annotator "NA"]
[PlyCount "47"]
[EventDate "2019.11.30"]
[EventType "swiss"]
[EventCountry "MEX"]
[SourceTitle "playchess.com"]
[Source "ChessBase"]
[SourceQuality "1"]
[TimeControl "5400+30"]

1. e4 {[%emt 0:00:00]} e6 {[%emt 0:00:01]} 2. d4 {[%emt 0:00:23]} d5 {[%emt 0:00:15]} 3. Nd2 {[%emt 0:00:26]} c5 {[%emt 0:00:32]} 4. Ngf3 {[%emt 0:00:23]} Nd7 {[%emt 0:01:03]} 5. Bd3 {[%emt 0:11:09]} Bd6 {[%emt 0:02:25]} 6. e5 {[%emt 0:02:03]} Bc7 {[%emt 0:01:07]} 7. c3 {[%emt 0:00:20]} cxd4 {[%emt 0:00:49]} 8. cxd4 {[%emt 0:00:07]} f6 {[%emt 0:02:25]} 9. O-O {[%emt 0:01:47]} Ne7 {[%emt 0:04:58]} 10. exf6 {[%emt 0:11:54]} Nxf6 {[%emt 0:00:46]} 11. Re1 {[%emt 0:03:45]} O-O {[%emt 0:00:34]} 12. Ne5 {[%emt 0:01:45]} Nc6 {[%emt 0:01:03]} 13. Ndf3 {[%emt 0:00:31]} Bd6 {[%emt 0:03:10]} 14. Bg5 {[%emt 0:06:29]} Qb6 {[%emt 0:00:44]} 15. b3 {[%emt 0:11:45]} Bb4 {[%emt 0:07:26]} 16. Re3 {[%emt 0:05:27]} Kh8 {[%emt 0:28:50]} 17. Nxc6 {[%emt 0:01:17]} bxc6 {[%emt 0:00:26]} 18. Ne5 {[%emt 0:03:04]} Bc3 {[%emt 0:02:38]} 19. Rh3 {[%emt 0:05:52]} Ne4 {[%emt 0:08:06]} 20. Bxe4 {[%emt 0:00:55]} dxe4 {[%emt 0:00:26]} 21. Qh5 {[%emt 0:03:06]} h6 {[%emt 0:00:52]} 22. Bxh6 {[%emt 0:00:47]} Rf5 {[%emt 0:02:51]} 23. Bxg7+ {[%emt 0:00:18]} Kxg7 {[%emt 0:30:03]} 24. Qh8# {[%emt 0:28:27]} 1-0

[Event "Bionext Festival 2019"]
[Site "Chihuahua"]
[Date "2019.11.30"]
[Round "2.6"]
[White "Nunez Hirales, Juan Alejandro"]
[Black "Tello Chavez, Isaac Valent"]
[Result "1/2-1/2"]
[WhiteElo "2016"]
[BlackElo "2274"]
[Annotator "NA"]
[PlyCount "122"]
[EventDate "2019.11.30"]
[EventType "swiss"]
[EventCountry "MEX"]
[SourceTitle "playchess.com"]
[Source "ChessBase"]
[SourceQuality "1"]
[TimeControl "5400+30"]

1. d4 {[%emt 1:30:30]} c6 {[%emt 1:30:30]} 2. Nc3 {[%emt 0:00:30]} d5 {[%emt 0:00:30]} 3. Bf4 {[%emt 0:00:30]} Bf5 {[%emt 0:00:30]} 4. e3 {[%emt 0:00:30]} e6 {[%emt 0:00:30]} 5. f3 {[%emt 0:00:30]} Be7 {[%emt 0:00:30]} 6. Bd3 {[%emt 0:00:30]} Bg6 {[%emt 0:00:30]} 7. Nge2 {[%emt 0:00:30]} Nd7 {[%emt 0:00:30]} 8. Qd2 {[%emt 0:00:30]} b5 {[%emt 0:00:30]} 9. Bg3 {[%emt 0:00:30]} Ngf6 {[%emt 0:00:30]} 10. Nf4 {[%emt 0:00:30]} b4 {[%emt 0:00:30]} 11. Na4 {[%emt 0:00:30]} O-O {[%emt 0:00:30]} 12. O-O {[%emt 0:00:30]} c5 {[%emt 0:00:30]} 13. dxc5 {[%emt 0:00:30]} Nxc5 {[%emt 0:00:30]} 14. Nxc5 {[%emt 0:00:30]} Bxc5 {[%emt 0:00:30]} 15. Bxg6 {[%emt 0:00:30]} hxg6 {[%emt 0:00:30]} 16. Nd3 {[%emt 0:00:30]} Qb6 {[%emt 0:00:30]} 17. Nxc5 {[%emt 0:00:30]} Qxc5 {[%emt 0:00:30]} 18. Rfc1 {[%emt 0:00:30]} a5 {[%emt 0:00:30]} 19. c3 {[%emt 0:00:30]} Ra6 {[%emt 0:00:30]} 20. Be1 {[%emt 0:00:30]} Qa7 {[%emt 0:00:30]} 21. Qd4 {[%emt 0:00:30]} Rb8 {[%emt 0:00:30]} 22. Qxa7 {[%emt 0:00:30]} Rxa7 {[%emt 0:00:30]} 23. cxb4 {[%emt 0:00:30]} axb4 {[%emt 0:00:30]} 24. b3 {[%emt 0:00:30]} g5 {[%emt 0:00:30]} 25. h3 {[%emt 0:00:30]} Nd7 {[%emt 0:00:30]} 26. Rc2 {[%emt 0:00:30]} f6 {[%emt 0:00:30]} 27. Rac1 {[%emt 0:00:30]} Rbb7 {[%emt 0:00:30]} 28. Bf2 {[%emt 0:00:30]} e5 {[%emt 0:00:30]} 29. Rd1 {[%emt 0:00:30]} Rb5 {[%emt 0:00:30]} 30. Rdc1 {[%emt 0:00:30]} e4 {[%emt 0:00:30]} 31. f4 {[%emt 0:00:30]} Rba5 {[%emt 0:00:30]} 32. fxg5 {[%emt 0:00:30]} fxg5 {[%emt 0:00:30]} 33. Be1 {[%emt 0:00:30]} Rxa2 {[%emt 0:00:30]} 34. Bxb4 {[%emt 0:00:30]} Rxc2 {[%emt 0:00:30]} 35. Rxc2 {[%emt 0:00:30]} Rb7 {[%emt 0:00:30]} 36. Bd6 {[%emt 0:00:30]} Rxb3 {[%emt 0:00:30]} 37. Rc7 {[%emt 0:00:30]} Nf6 {[%emt 0:00:30]} 38. Kf2 {[%emt 0:00:30]} g4 {[%emt 0:00:30]} 39. Be5 {[%emt 0:00:30]} gxh3 {[%emt 0:00:30]} 40. gxh3 {[%emt 0:00:30]} Nh5 {[%emt 0:00:30]} 41. Rc5 {[%emt 0:00:30]} Rd3 {[%emt 0:00:30]} 42. Bd4 {[%emt 0:00:30]} Nf4 {[%emt 0:00:30]} 43. Rc7 {[%emt 0:00:30]} Ne6 {[%emt 0:00:30]} 44. Rc8+ {[%emt 0:00:30]} Kh7 {[%emt 0:00:30]} 45. Be5 {[%emt 0:00:30]} Kg6 {[%emt 0:00:30]} 46. Rc6 {[%emt 0:00:30]} Kf5 {[%emt 0:00:30]} 47. Bg3 {[%emt 0:00:30]} Ng5 {[%emt 0:00:30]} 48. h4 {[%emt 0:00:30]} Rd2+ {[%emt 0:00:30]} 49. Kf1 {[%emt 0:00:30]} Nf3 {[%emt 0:00:30]} 50. Bf2 {[%emt 0:00:30]} Ne5 {[%emt 0:00:30]} 51. Rc7 {[%emt 0:00:30]} g6 {[%emt 0:00:30]} 52. Bg3 {[%emt 0:00:30]} Nf3 {[%emt 0:00:30]} 53. Bf2 {[%emt 0:00:30]} Nh2+ {[%emt 0:00:30]} 54. Ke1 {[%emt 0:00:30]} Nf3+ 55. Kf1 {[%emt 0:00:30]} Ne5 {[%emt 0:01:00]} 56. Bg3 {[%emt 0:00:30]} Ng4 {[%emt 0:00:30]} 57. Bf4 {[%emt 0:00:30]} Nh2+ {[%emt 0:00:30]} 58. Bxh2 {[%emt 0:00:30]} Rxh2 {[%emt 0:00:30]} 59. Rf7+ {[%emt 0:00:30]} Kg4 {[%emt 0:00:30]} 60. Rf6 {[%emt 0:00:30]} Rxh4 {[%emt 0:00:30]} 61. Rxg6+ {[%emt 0:00:30]} Kf3 {[%emt 0:00:30]} 1/2-1/2

[Event "Bionext Festival 2019"]
[Site "Chihuahua"]
[Date "2019.11.30"]
[Round "2.7"]
[White "Corrales Jimenez, Zenia"]
[Black "Sainz Aguirre, Ignacio"]
[Result "1-0"]
[WhiteElo "2219"]
[BlackElo "1884"]
[Annotator "NA"]
[PlyCount "54"]
[EventDate "2019.11.30"]
[EventType "swiss"]
[EventCountry "MEX"]
[SourceTitle "playchess.com"]
[Source "ChessBase"]
[SourceQuality "1"]
[TimeControl "5400+30"]

1. e4 {[%emt 1:30:30]} c5 {[%emt 1:30:30]} 2. Nf3 {[%emt 0:00:30]} Nc6 {[%emt 0:00:30]} 3. d4 {[%emt 0:00:30]} cxd4 {[%emt 0:00:30]} 4. Nxd4 {[%emt 0:00:30]} Nf6 {[%emt 0:00:30]} 5. Nc3 {[%emt 0:00:30]} e5 {[%emt 0:00:30]} 6. Ndb5 {[%emt 0:00:30]} d6 {[%emt 0:00:30]} 7. Nd5 {[%emt 0:00:30]} Nxd5 {[%emt 0:00:30]} 8. exd5 {[%emt 0:00:30]} Ne7 {[%emt 0:00:30]} 9. c4 {[%emt 0:00:30]} Ng6 {[%emt 0:00:30]} 10. h4 {[%emt 0:00:30]} h5 {[%emt 0:00:30]} 11. g3 {[%emt 0:00:30]} a6 {[%emt 0:00:30]} 12. Nc3 {[%emt 0:00:30]} Bg4 {[%emt 0:00:30]} 13. Be2 {[%emt 0:00:30]} Bxe2 {[%emt 0:00:30]} 14. Qxe2 {[%emt 0:00:30]} Be7 {[%emt 0:00:30]} 15. Ne4 {[%emt 0:00:30]} Rc8 {[%emt 0:00:30]} 16. Bg5 {[%emt 0:00:30]} Bxg5 {[%emt 0:00:30]} 17. Nxg5 {[%emt 0:00:30]} Qa5+ {[%emt 0:00:30]} 18. Kf1 {[%emt 0:00:30]} b5 {[%emt 0:00:30]} 19. Ne4 {[%emt 0:00:30]} Rd8 {[%emt 0:00:30]} 20. cxb5 {[%emt 0:00:30]} axb5 {[%emt 0:00:30]} 21. Kg2 {[%emt 0:00:30]} Ne7 {[%emt 0:00:30]} 22. Qf3 {[%emt 0:00:30]} b4 {[%emt 0:00:30]} 23. Rhd1 {[%emt 0:00:30]} Qa7 {[%emt 0:00:30]} 24. Ng5 {[%emt 0:00:30]} Ng6 {[%emt 0:00:30]} 25. Rac1 {[%emt 0:00:30]} Qe7 {[%emt 0:00:30]} 26. Rc4 {[%emt 0:00:30]} Ra8 {[%emt 0:00:30]} 27. Rdc1 {[%emt 0:00:30]} O-O {[%emt 0:00:30]} 1-0

[Event "Bionext Festival 2019"]
[Site "Chihuahua"]
[Date "2019.11.30"]
[Round "2.8"]
[White "Gonzalez Estrada, Jesus Yo"]
[Black "Rodriguez Rivera, Pedro"]
[Result "1-0"]
[WhiteElo "1891"]
[BlackElo "2188"]
[Annotator "NA"]
[PlyCount "93"]
[EventDate "2019.11.30"]
[EventType "swiss"]
[EventCountry "MEX"]
[SourceTitle "playchess.com"]
[Source "ChessBase"]
[SourceQuality "1"]
[TimeControl "5400+30"]

1. Nf3 {[%emt 1:30:30]} Nf6 {[%emt 1:30:30]} 2. d4 {[%emt 0:00:30]} d6 {[%emt 0:00:30]} 3. c4 {[%emt 0:00:30]} Nbd7 {[%emt 0:00:30]} 4. Nc3 {[%emt 0:00:30]} e5 {[%emt 0:00:30]} 5. e4 {[%emt 0:00:30]} Be7 {[%emt 0:00:30]} 6. Be2 {[%emt 0:00:30]} O-O {[%emt 0:00:30]} 7. O-O {[%emt 0:00:30]} Re8 {[%emt 0:00:30]} 8. d5 {[%emt 0:00:30]} Nc5 {[%emt 0:00:30]} 9. Qc2 {[%emt 0:00:30]} a5 {[%emt 0:00:30]} 10. Be3 {[%emt 0:00:30]} Na6 {[%emt 0:00:30]} 11. Rac1 {[%emt 0:00:30]} Ng4 {[%emt 0:00:30]} 12. Bd2 {[%emt 0:00:30]} c6 {[%emt 0:00:30]} 13. h3 {[%emt 0:00:30]} Nf6 {[%emt 0:00:30]} 14. Rfd1 {[%emt 0:00:30]} Qc7 {[%emt 0:00:30]} 15. Be3 {[%emt 0:00:30]} Nd7 {[%emt 0:00:30]} 16. a3 {[%emt 0:00:30]} c5 {[%emt 0:00:30]} 17. Nb5 {[%emt 0:00:30]} Qd8 18. Nh2 {[%emt 0:00:30]} Nc7 {[%emt 0:01:00]} 19. Nc3 {[%emt 0:00:30]} Bg5 {[%emt 0:00:30]} 20. Qd2 {[%emt 0:00:30]} Bxe3 {[%emt 0:00:30]} 21. Qxe3 {[%emt 0:00:30]} Qh4 {[%emt 0:00:30]} 22. Bf1 {[%emt 0:00:30]} Qf4 {[%emt 0:00:30]} 23. Qe1 {[%emt 0:00:30]} Nb6 {[%emt 0:00:30]} 24. Rd3 {[%emt 0:00:30]} Bd7 {[%emt 0:00:30]} 25. Rf3 {[%emt 0:00:30]} Qg5 {[%emt 0:00:30]} 26. Rd1 {[%emt 0:00:30]} Nc8 {[%emt 0:00:30]} 27. Rg3 {[%emt 0:00:30]} Qh4 {[%emt 0:00:30]} 28. Be2 {[%emt 0:00:30]} Ne7 {[%emt 0:00:30]} 29. Bg4 {[%emt 0:00:30]} f5 {[%emt 0:00:30]} 30. Nf3 {[%emt 0:00:30]} Qf6 {[%emt 0:00:30]} 31. exf5 {[%emt 0:00:30]} Nxf5 {[%emt 0:00:30]} 32. Ne4 {[%emt 0:00:30]} Qd8 {[%emt 0:00:30]} 33. Bxf5 {[%emt 0:00:30]} Bxf5 34. a4 {[%emt 0:00:30]} Bxe4 {[%emt 0:01:00]} 35. Qxe4 {[%emt 0:00:30]} Qd7 {[%emt 0:00:30]} 36. Ng5 {[%emt 0:00:30]} g6 {[%emt 0:00:30]} 37. h4 {[%emt 0:00:30]} Rf8 {[%emt 0:00:30]} 38. h5 {[%emt 0:00:30]} Rf4 {[%emt 0:00:30]} 39. Qc2 {[%emt 0:00:30]} Raf8 {[%emt 0:00:30]} 40. hxg6 {[%emt 0:00:30]} Rxf2 {[%emt 0:00:30]} 41. gxh7+ {[%emt 0:00:30]} Kh8 {[%emt 0:00:30]} 42. Qxf2 {[%emt 0:00:30]} Rxf2 {[%emt 0:00:30]} 43. Kxf2 {[%emt 0:00:30]} Qf5+ {[%emt 0:00:30]} 44. Kg1 {[%emt 0:00:30]} Qf4 {[%emt 0:00:30]} 45. Rf1 {[%emt 0:00:30]} Qd4+ {[%emt 0:00:30]} 46. Kh2 {[%emt 0:00:30]} Qh4+ {[%emt 0:00:30]} 47. Rh3 {[%emt 0:00:30]} 1-0

[Event "Bionext Festival 2019"]
[Site "Chihuahua"]
[Date "2019.11.30"]
[Round "2.9"]
[White "Hernandez Moya, Yuleisy"]
[Black "Bencomo, Murga Francisco"]
[Result "1-0"]
[WhiteElo "2181"]
[BlackElo "1865"]
[Annotator "NA"]
[PlyCount "59"]
[EventDate "2019.11.30"]
[EventType "swiss"]
[EventCountry "MEX"]
[SourceTitle "playchess.com"]
[Source "ChessBase"]
[SourceQuality "1"]
[TimeControl "5400+30"]

1. e4 {[%emt 1:30:30]} c5 {[%emt 1:30:30]} 2. Nf3 {[%emt 0:00:30]} Nc6 {[%emt 0:00:30]} 3. Bb5 {[%emt 0:00:30]} e6 {[%emt 0:00:30]} 4. O-O {[%emt 0:00:30]} Nge7 {[%emt 0:00:30]} 5. Re1 {[%emt 0:00:30]} a6 {[%emt 0:00:30]} 6. Bf1 {[%emt 0:00:30]} d5 {[%emt 0:00:30]} 7. exd5 {[%emt 0:00:30]} Nxd5 {[%emt 0:00:30]} 8. d4 {[%emt 0:00:30]} Nf6 {[%emt 0:00:30]} 9. Be3 {[%emt 0:00:30]} cxd4 {[%emt 0:00:30]} 10. Nxd4 {[%emt 0:00:30]} Nxd4 {[%emt 0:00:30]} 11. Bxd4 {[%emt 0:00:30]} Be7 {[%emt 0:00:30]} 12. c4 {[%emt 0:00:30]} Bd7 {[%emt 0:00:30]} 13. Nc3 {[%emt 0:00:30]} Bc6 {[%emt 0:00:30]} 14. a3 {[%emt 0:00:30]} Qd7 {[%emt 0:00:30]} 15. Bb6 {[%emt 0:00:30]} Qxd1 {[%emt 0:00:30]} 16. Raxd1 {[%emt 0:00:30]} Nd7 {[%emt 0:00:30]} 17. Bd4 {[%emt 0:00:30]} a5 {[%emt 0:00:30]} 18. Bxg7 {[%emt 0:00:30]} Rg8 {[%emt 0:00:30]} 19. Bd4 {[%emt 0:00:30]} O-O-O {[%emt 0:00:30]} 20. g3 {[%emt 0:00:30]} Nc5 {[%emt 0:00:30]} 21. Bg2 {[%emt 0:00:30]} Nb3 {[%emt 0:00:30]} 22. Bb6 {[%emt 0:00:30]} Rxd1 {[%emt 0:00:30]} 23. Rxd1 {[%emt 0:00:30]} Bf6 {[%emt 0:00:30]} 24. Bxc6 {[%emt 0:00:30]} bxc6 {[%emt 0:00:30]} 25. Na4 {[%emt 0:00:30]} Rg4 {[%emt 0:00:30]} 26. f4 {[%emt 0:00:30]} Rg6 {[%emt 0:00:30]} 27. Rd3 {[%emt 0:00:30]} Nc1 {[%emt 0:00:30]} 28. Rd6 {[%emt 0:00:30]} Kb7 {[%emt 0:00:30]} 29. Rd7+ {[%emt 0:00:30]} Kb8 {[%emt 0:00:30]} 30. Ba7+ {[%emt 0:00:30]} 1-0

[Event "Bionext Festival 2019"]
[Site "Chihuahua"]
[Date "2019.11.30"]
[Round "2.10"]
[White "Vargas Miranda, Diego"]
[Black "Ramirez Ruacho, Juan Manuel"]
[Result "1/2-1/2"]
[WhiteElo "1892"]
[BlackElo "2175"]
[Annotator "NA"]
[PlyCount "34"]
[EventDate "2019.11.30"]
[EventType "swiss"]
[EventCountry "MEX"]
[SourceTitle "playchess.com"]
[Source "ChessBase"]
[SourceQuality "1"]
[TimeControl "5400+30"]

1. e4 {[%emt 1:30:30]} c5 {[%emt 1:30:30]} 2. b3 {[%emt 0:00:30]} Nc6 {[%emt 0:00:30]} 3. Bb2 {[%emt 0:00:30]} d6 {[%emt 0:00:30]} 4. Bb5 {[%emt 0:00:30]} Bd7 {[%emt 0:00:30]} 5. Ne2 {[%emt 0:00:30]} Nf6 {[%emt 0:00:30]} 6. Nbc3 {[%emt 0:00:30]} a6 {[%emt 0:00:30]} 7. Bxc6 {[%emt 0:00:30]} Bxc6 {[%emt 0:00:30]} 8. d3 {[%emt 0:00:30]} e6 {[%emt 0:00:30]} 9. Ng3 {[%emt 0:00:30]} h5 {[%emt 0:00:30]} 10. Qd2 {[%emt 0:00:30]} h4 {[%emt 0:00:30]} 11. Nge2 {[%emt 0:00:30]} h3 {[%emt 0:00:30]} 12. g3 {[%emt 0:00:30]} b5 {[%emt 0:00:30]} 13. O-O {[%emt 0:00:30]} Be7 {[%emt 0:00:30]} 14. f3 {[%emt 0:00:30]} Qb6 {[%emt 0:00:30]} 15. Kh1 {[%emt 0:00:30]} e5 {[%emt 0:00:30]} 16. g4 {[%emt 0:00:30]} Qb7 {[%emt 0:00:30]} 17. Ng3 {[%emt 0:00:30]} g6 {[%emt 0:00:30]} 1/2-1/2

[Event "Bionext Festival 2019"]
[Site "Chihuahua"]
[Date "2019.11.30"]
[Round "2.11"]
[White "Rojas Quevedo, Luis Enriqu"]
[Black "Hernandez Jimenez, Alexander Andres"]
[Result "0-1"]
[WhiteElo "1795"]
[BlackElo "2135"]
[Annotator "NA"]
[PlyCount "56"]
[EventDate "2019.11.30"]
[EventType "swiss"]
[EventCountry "MEX"]
[SourceTitle "playchess.com"]
[Source "ChessBase"]
[SourceQuality "1"]
[TimeControl "5400+30"]

1. e4 {[%emt 1:30:30]} c5 {[%emt 1:30:30]} 2. Nf3 {[%emt 0:00:30]} d6 {[%emt 0:00:30]} 3. d4 {[%emt 0:00:30]} cxd4 {[%emt 0:00:30]} 4. Nxd4 {[%emt 0:00:30]} Nf6 {[%emt 0:00:30]} 5. Nc3 {[%emt 0:00:30]} a6 {[%emt 0:00:30]} 6. Bg5 {[%emt 0:00:30]} e6 {[%emt 0:00:30]} 7. f4 {[%emt 0:00:30]} Nbd7 {[%emt 0:00:30]} 8. Qf3 {[%emt 0:00:30]} Qc7 {[%emt 0:00:30]} 9. g4 {[%emt 0:00:30]} Be7 {[%emt 0:00:30]} 10. O-O-O {[%emt 0:00:30]} h6 {[%emt 0:00:30]} 11. Bxf6 {[%emt 0:00:30]} gxf6 {[%emt 0:00:30]} 12. f5 {[%emt 0:00:30]} Ne5 {[%emt 0:00:30]} 13. Qh3 {[%emt 0:00:30]} Bd7 {[%emt 0:00:30]} 14. Nce2 {[%emt 0:00:30]} Rc8 {[%emt 0:00:30]} 15. Nf4 {[%emt 0:00:30]} d5 {[%emt 0:00:30]} 16. fxe6 {[%emt 0:00:30]} Bxe6 {[%emt 0:00:30]} 17. Nfxe6 {[%emt 0:00:30]} fxe6 {[%emt 0:00:30]} 18. exd5 {[%emt 0:00:30]} Bc5 {[%emt 0:00:30]} 19. c3 {[%emt 0:00:30]} Bxd4 {[%emt 0:00:30]} 20. Rxd4 {[%emt 0:00:30]} Qc5 {[%emt 0:00:30]} 21. g5 {[%emt 0:00:30]} f5 {[%emt 0:00:30]} 22. Qe3 {[%emt 0:00:30]} Ng4 {[%emt 0:00:30]} 23. Qxe6+ {[%emt 0:00:30]} Kd8 24. Kb1 {[%emt 0:00:30]} Re8 {[%emt 0:01:00]} 25. Qxf5 {[%emt 0:00:30]} Re1+ {[%emt 0:00:30]} 26. Kc2 {[%emt 0:00:30]} Ne3+ {[%emt 0:00:30]} 27. Kd2 {[%emt 0:00:30]} Nxf5 {[%emt 0:00:30]} 28. gxh6 {[%emt 0:00:30]} Nxd4 {[%emt 0:00:30]} 0-1

[Event "Bionext Festival 2019"]
[Site "Chihuahua"]
[Date "2019.11.30"]
[Round "2.12"]
[White "Castillo Coca, Mairebis"]
[Black "Rubio Ramos, Jorge Yadir"]
[Result "1/2-1/2"]
[WhiteElo "2134"]
[BlackElo "1819"]
[Annotator "NA"]
[PlyCount "104"]
[EventDate "2019.11.30"]
[EventType "swiss"]
[EventCountry "MEX"]
[SourceTitle "playchess.com"]
[Source "ChessBase"]
[SourceQuality "1"]
[TimeControl "5400+30"]

1. e4 {[%emt 1:30:30]} c5 {[%emt 1:30:30]} 2. Nf3 {[%emt 0:00:30]} Nc6 {[%emt 0:00:30]} 3. d3 {[%emt 0:00:30]} e6 {[%emt 0:00:30]} 4. Nbd2 {[%emt 0:00:30]} d5 {[%emt 0:00:30]} 5. g3 {[%emt 0:00:30]} Nf6 {[%emt 0:00:30]} 6. Bg2 {[%emt 0:00:30]} Be7 {[%emt 0:00:30]} 7. O-O {[%emt 0:00:30]} b6 {[%emt 0:00:30]} 8. Re1 {[%emt 0:00:30]} Bb7 {[%emt 0:00:30]} 9. e5 {[%emt 0:00:30]} Nd7 {[%emt 0:00:30]} 10. Nf1 {[%emt 0:00:30]} g5 {[%emt 0:00:30]} 11. h3 {[%emt 0:00:30]} h5 {[%emt 0:00:30]} 12. c3 {[%emt 0:00:30]} g4 {[%emt 0:00:30]} 13. hxg4 {[%emt 0:00:30]} hxg4 {[%emt 0:00:30]} 14. N3h2 {[%emt 0:00:30]} Ndxe5 {[%emt 0:00:30]} 15. d4 {[%emt 0:00:30]} Nf3+ {[%emt 0:00:30]} 16. Nxf3 {[%emt 0:00:30]} gxf3 {[%emt 0:00:30]} 17. Bxf3 {[%emt 0:00:30]} Qd7 {[%emt 0:00:30]} 18. Bf4 {[%emt 0:00:30]} O-O-O {[%emt 0:00:30]} 19. a4 {[%emt 0:00:30]} Bd6 {[%emt 0:00:30]} 20. Bxd6 {[%emt 0:00:30]} Qxd6 {[%emt 0:00:30]} 21. a5 {[%emt 0:00:30]} Nxa5 {[%emt 0:00:30]} 22. dxc5 {[%emt 0:00:30]} Qc7 {[%emt 0:00:30]} 23. b4 {[%emt 0:00:30]} Nc4 {[%emt 0:00:30]} 24. Rxa7 {[%emt 0:00:30]} Kb8 {[%emt 0:00:30]} 25. Qa4 {[%emt 0:00:30]} bxc5 {[%emt 0:00:30]} 26. Ra1 {[%emt 0:00:30]} Nb6 {[%emt 0:00:30]} 27. Qb5 {[%emt 0:00:30]} cxb4 {[%emt 0:00:30]} 28. Qxb4 {[%emt 0:00:30]} Qd6 {[%emt 0:00:30]} 29. Qa5 {[%emt 0:00:30]} Nc8 {[%emt 0:00:30]} 30. Rxb7+ {[%emt 0:00:30]} Kxb7 {[%emt 0:00:30]} 31. c4 {[%emt 0:00:30]} Qb6 {[%emt 0:00:30]} 32. Qa2 {[%emt 0:00:30]} Kc7 {[%emt 0:00:30]} 33. cxd5 {[%emt 0:00:30]} Kd7 {[%emt 0:00:30]} 34. Rb1 {[%emt 0:00:30]} Qd6 {[%emt 0:00:30]} 35. Rb7+ {[%emt 0:00:30]} Ke8 {[%emt 0:00:30]} 36. Qb2 {[%emt 0:00:30]} Rg8 {[%emt 0:00:30]} 37. Rb5 {[%emt 0:00:30]} Ne7 {[%emt 0:00:30]} 38. dxe6 {[%emt 0:00:30]} Qxe6 {[%emt 0:00:30]} 39. Re5 {[%emt 0:00:30]} Qd6 {[%emt 0:00:30]} 40. Ne3 {[%emt 0:00:30]} Kf8 {[%emt 0:00:30]} 41. Nd5 {[%emt 0:00:30]} Rb8 {[%emt 0:00:30]} 42. Qc3 {[%emt 0:00:30]} Ng6 {[%emt 0:00:30]} 43. Re1 {[%emt 0:00:30]} Nh4 {[%emt 0:00:30]} 44. Be4 {[%emt 0:00:30]} f5 {[%emt 0:00:30]} 45. Bh1 {[%emt 0:00:30]} f4 {[%emt 0:00:30]} 46. Qf6+ {[%emt 0:00:30]} Qxf6 {[%emt 0:00:30]} 47. Nxf6 fxg3 {[%emt 0:00:30]} 48. Nxg8 {[%emt 0:01:00]} gxf2+ {[%emt 0:00:30]} 49. Kxf2 {[%emt 0:00:30]} Kxg8 {[%emt 0:00:30]} 50. Be4 {[%emt 0:00:30]} Kg7 {[%emt 0:00:30]} 51. Rg1+ {[%emt 0:00:30]} Kf6 {[%emt 0:00:30]} 52. Rg4 {[%emt 0:00:30]} Nf5 {[%emt 0:00:30]} 1/2-1/2

[Event "Bionext Festival 2019"]
[Site "Chihuahua"]
[Date "2019.11.30"]
[Round "4.1"]
[White "Cori, Jorge"]
[Black "Macieja, Bartlomiej"]
[Result "1-0"]
[WhiteElo "2651"]
[BlackElo "2513"]
[Annotator "TA"]
[PlyCount "95"]
[EventDate "2019.11.30"]
[EventType "swiss"]
[EventCountry "MEX"]
[SourceTitle "playchess.com"]
[Source "ChessBase"]
[SourceQuality "1"]

{[%evp 19,94,4,4,-19,-21,-11,0,0,-1,-12,3,0,17,11,1,0,0,0,34,22,22,0,8,0,17,17,33,27,22,0,21,0,24,8,0,28,1,-16,-19,-14,0,0,0,0,0,0,0,0,0,0,0,0,0,0,0,0,0,0,0,0,0,0,20,32,26,0,0,0,124,102,95,76,1262,1110,5457,5397,29999]} 1. d4 Nf6 2. Nf3 d5 3. c4 e6 4. Nc3 dxc4 5. e3 a6 6. Bxc4 b5 7. Bd3 Bb7 8. O-O c5 9. Qe2 Nbd7 10. Rd1 Qb8 11. b3 {D48: Semi-Slav: Meran System: 7...b5 8 Bd3 a6} Bd6 12. h3 cxd4 13. Nxd4 {The position is equal.} O-O 14. Bb2 Nc5 15. Bc2 b4 $146 (15... Rd8 16. Rac1 Be7 17. Bb1 b4 18. Na4 Nxa4 19. bxa4 {½-½ (47) Hakobyan,A (2545)-Fakhrutdinov,T (2481) St Petersburg 2018}) ({Predecessor:} 15... Rc8 16. Rac1 b4 17. Na4 Nxa4 {½-½ (78) Mueller,O (2265)-Nezad,H (2393) Istanbul 2012}) 16. Na4 Nxa4 17. bxa4 Rc8 18. Rac1 Bd5 19. Nb3 Be7 20. Bd3 a5 21. Bd4 h6 22. e4 Bc6 23. Ba6 Bb7 24. Bd3 Bc6 25. Ba6 (25. Bb5 {looks sharper.} Bxb5 26. axb5 Rxc1 27. Rxc1 a4 28. Nd2) 25... Bb7 26. Bxb7 Rxc1 27. Rxc1 Qxb7 28. Bxf6 Bxf6 29. Rc5 Qd7 30. Rb5 Bd8 31. g3 g6 32. Kg2 h5 33. h4 Bc7 34. Qc4 Bd8 35. Qe2 Kg7 36. Qe3 Qc6 37. Nd4 Qd7 38. Nb3 Qc6 39. Qf3 Ra7 40. e5 Qc4 41. Rc5 Qa6 42. Nd4 Rd7 43. Nb5 Qb6 (43... Be7 $11 {keeps the balance.} 44. Rc2 Qb6) 44. Rc6 $36 {[%mdl 2048] Keeping Black busy.} Qb8 45. Nd6 Re7 $2 {[%mdl 8192]} (45... Qa8 $16) 46. Qf6+ Kh7 47. Nxf7 {[%csl Gf7][%cal Rf6h8] [#]} Qb7 48. Qh8# {Accuracy: White = 67%, Black = 56%.} 1-0

[Event "Bionext Festival 2019"]
[Site "Chihuahua"]
[Date "2019.11.30"]
[Round "4.2"]
[White "Tello Chavez, Isaac Valent"]
[Black "Ortiz Suarez, Isan Reynaldo"]
[Result "0-1"]
[WhiteElo "2274"]
[BlackElo "2549"]
[Annotator "TA"]
[PlyCount "62"]
[EventDate "2019.11.30"]
[EventType "swiss"]
[EventCountry "MEX"]
[SourceTitle "playchess.com"]
[Source "ChessBase"]
[SourceQuality "1"]

{[%evp 23,72,-35,-9,-11,-19,-20,0,0,0,-6,0,-27,0,-22,-20,-20,0,0,15,0,0,0,0,-135,-133,-135,-120,-142,-143,-141,-134,-221,-168,-229,-214,-234,-210,-276,-254,-691,-691,-691,-691,-691,-691,-1970,-1958,-4702,-4582,-29978,-29977]} 1. c4 f5 2. Nf3 Nf6 3. g3 d6 4. Bg2 g6 5. O-O e5 6. d3 Bg7 7. Nc3 O-O 8. Bg5 h6 9. Bxf6 Bxf6 10. Nd2 Nc6 11. Rb1 a5 12. a3 Bg7 13. b4 {A26: English Opening vs King's Indian with ...Nc6 and d3} (13. Nd5 Nd4 14. e3 Ne6 15. b4 axb4 16. axb4 c6 17. Nc3 Bd7 18. Qc2 Kh8 19. b5 Ra7 20. Ra1 Rxa1 21. Rxa1 {1-0 (92) Jobava,B (2669)-Tomashevsky,E (2664) Budva 2009}) 13... axb4 14. axb4 Nd4 15. b5 {The position is equal.} g5 16. Nd5 $146 ({Predecessor:} 16. e3 Ne6 17. Qe2 f4 {1-0 (44) Zichichi,A (2385)-Hofmann,M Biel 1983}) 16... Ne6 17. Ra1 Rb8 18. Ra3 Bd7 19. Nb4 g4 20. Ra7 Qc8 21. Nd5 {Black must now prevent Ne7+.} Kh8 22. Kh1 Qd8 23. f4 {[#]} (23. e4 $11 {keeps the balance.}) 23... c6 $1 $17 {[%cal Rc6d5]} 24. bxc6 bxc6 25. fxe5 dxe5 ({Much less strong is} 25... cxd5 26. cxd5 Nc5 27. e6 $17) 26. Ne3 Nc5 27. Qc2 (27. Qc1 $17 Qg5 28. Nc2) 27... h5 28. Rb1 (28. Qc3 {keeps fighting.} f4 29. Nd1) 28... h4 $19 29. gxh4 Qxh4 30. Nef1 Qf2 31. Nb3 $2 {[#]} (31. Rxb8 Rxb8 32. Qd1) 31... f4 {Played: Nc5xb3} 0-1